Las memorias del diablo / (Record no. 165638)

MARC details
000 -LEADER
campo de control de longitud fija 00790nam a2200181 i 4500
001 - NÚMERO DE CONTROL
campo de control 165638
003 - IDENTIFICADOR DE NÚMERO DE CONTROL
campo de control ES-MaACL
005 - FECHA Y HORA DE LA ÚLTIMA TRANSACCIÓN
campo de control 20250703063543.0
008 - DATOS DE LONGITUD FIJA--INFORMACIÓN GENERAL
campo de control de longitud fija 960520s1851 sp af |||| | spa d
040 ## - FUENTE DE CATALOGACIÓN
Centro catalogador/agencia de origen CARM
Lengua de catalogación spa
Centro/agencia transcriptor CCPB | SIC
100 1# - ENTRADA PRINCIPAL--NOMBRE DE PERSONA
Nombre de persona Soulié, Frédéric,
Fechas asociadas al nombre 1800-1847
9 (RLIN) 107564
245 14 - MENCIÓN DEL TÍTULO
Título Las memorias del diablo /
Mención de responsabilidad, etc. por Federico Soulié.
250 ## - MENCION DE EDICION
Mención de edición Ed. ilustrada con 66 grabados.
260 ## - PUBLICACIÓN, DISTRIBUCIÓN, ETC.
Lugar de publicación, distribución, etc. Madrid :
Nombre del editor, distribuidor, etc. [s.n.],
Fecha de publicación, distribución, etc. 1851 (
Fabricante establecimiento tipográfico de F. de P. Mellado)
300 ## - DESCRIPCIÓN FÍSICA
Extensión 311 p. :
Otras características físicas il. ;
Dimensiones 28 cm.
852 ## - LOCALIZACIÓN
Ubicación ES-MaACL
Número de control de estantería C-2290(1)
Nota libre -- Enc. hol.
-- -- Legado M. de La Fuente
-- -- Enc. en un vol. facticio
Encuadernación -- Edic.: el ejemplar tiene una portadilla en la que aparece la serie: Novelas populares y obras ilustradas
Holdings
Estatus retirado Estado de pérdida Estado de daño No para préstamo Colección Biblioteca de origen Biblioteca actual Ubicación en estantería Fecha de adquisición Fuente de adquisición Total de préstamos Signatura topográfica completa Código de barras Visto por última vez Precio de reemplazo Tipo de ítem Koha
        Libros del s. XIX Biblioteca del Ateneo de Madrid Biblioteca del Ateneo de Madrid Sala Palomar 17/01/2008     C-2290(1) 1173708 23/02/2023 23/02/2023 Libro impreso antiguo